[Event "FRM-ch U18"]
[Site "Strumica"]
[Date "2024.06.27"]
[Round "6"]
[White "Jakimovski, Stefan"]
[Black "Angelov, Done"]
[Result "0-1"]
[WhiteElo "1534"]
[BlackElo "1539"]
[PlyCount "66"]
[EventDate "2024.06.23"]
[EventType "swiss"]
[EventRounds "6"]
[EventCountry "MKD"]
[SourceTitle "EXT 2025"]
[Source "ChessBase"]
[SourceDate "2024.10.14"]
[SourceVersion "1"]
[SourceVersionDate "2024.10.14"]
[SourceQuality "1"]

1. d4 Nf6 2. Bf4 c5 3. c3 Qb6 4. Qb3 Qxb3 5. axb3 cxd4 6. cxd4 Nc6 7. e3 Nb4 8. Na3 g6 9. Nf3 Bg7 10. Be2 d6 11. 0-0 0-0 12. Rfc1 Bf5 13. Rc7 Be4 14. Rxe7 Nbd5 15. Bxd6 Nxe7 16. Bxe7 Rfc8 17. Bc4 Bxf3 18. gxf3 a6 19. Rd1 b5 20. Bf1 Nd5 21. Bc5 Bf8 22. Bxf8 Kxf8 23. Kg2 Ra7 24. Kg3 Re7 25. Bh3 Rcc7 26. e4 Nf6 27. d5 Nh5+ 28. Kg4 Nf6+ 29. Kg5 Nxe4+ 30. fxe4 Rxe4 31. d6 Rc5+ 32. Kf6 Rf4+ 33. Bf5 Rcxf5# 0-1

[Event "FRM-ch U18"]
[Site "Strumica"]
[Date "2024.06.25"]
[Round "4"]
[White "Velkoski, Ivan"]
[Black "Jakimovski, Stefan"]
[Result "1-0"]
[WhiteElo "1779"]
[BlackElo "1534"]
[PlyCount "57"]
[EventDate "2024.06.23"]
[EventType "swiss"]
[EventRounds "6"]
[EventCountry "MKD"]
[SourceTitle "EXT 2025"]
[Source "ChessBase"]
[SourceDate "2024.10.14"]
[SourceVersion "1"]
[SourceVersionDate "2024.10.14"]
[SourceQuality "1"]

1. e4 c6 2. d4 d5 3. e5 c5 4. Bb5+ Nc6 5. Ne2 a6 6. Bxc6+ bxc6 7. Be3 Bf5 8. dxc5 e6 9. Nd4 Ne7 10. b4 Bg6 11. a4 Qc7 12. f4 Nf5 13. Nxf5 Bxf5 14. 0-0 Be7 15. Nd2 0-0 16. Nb3 f6 17. Bd4 fxe5 18. Bxe5 Qd7 19. Nd4 Bf6 20. c3 Bg6 21. Qe2 Bxe5 22. Qxe5 Rf6 23. b5 axb5 24. axb5 Rxa1 25. Rxa1 cxb5 26. Ra8+ Be8 27. c6 Qf7 28. Qb8 Kf8 29. c7 1-0